Before EMU Starts economic policy stimulates recovery in Europe

Salvato in:
Dettagli Bibliografici
Autore principale: Scheide, Joachim
Altri autori: Solveen, Ralph
Natura: Libro
Lingua:inglese
Pubblicazione: Kiel Institut für Weltwirtschaft 1997
Edizione:1. ed.
Serie:Kiel Discussion Papers 294
Soggetti:
Tags: Aggiungi Tag
Nessun Tag, puoi essere il primo ad aggiungerne!!

MARC

LEADER 00000nam a2200000 4500
001 c020888
005 20221129110127.9
020 |a 3-89456-143-2 
041 0 |a eng 
044 |a DE 
245 1 0 |a Before EMU Starts  |b economic policy stimulates recovery in Europe  |c Joachim Scheide, Ralph Solveen 
250 |a 1. ed. 
264 1 |a Kiel  |b Institut für Weltwirtschaft  |c 1997 
300 |a 19 s. 
490 1 |a Kiel Discussion Papers  |v 294 
830 0 |a Kiel Discussion Papers  |v 294 
610 2 0 |a situácia hospodárska 
610 2 0 |a produkt domáci hrubý 
610 2 0 |a rast hospodársky 
610 2 0 |a vývoj hospodársky 
610 2 0 |a únie hospodárske 
610 2 0 |a únie menové 
610 2 0 |a inflácia 
610 2 0 |a politika peňažná 
610 2 0 |a politika menová 
610 2 0 |a politika fiškálna 
610 2 0 |a Európska menová únia 
610 2 0 |a Európa 
100 1 |a Scheide, Joachim 
700 1 |a Solveen, Ralph